Principais times campeões do campeonato brasileiro. - Statistics

Estatísticas Gerais
  • Esse quiz foi jogado 211 vezes
  • A pontuação média é 5 de 7
Estatísticas das Respostas
Hint Resposta % Correto
4 Palmeiras
93%
4 Flamengo
89%
2 São Paulo
81%
1 Corinthians
80%
4 Santos
69%
2 Cruzeiro
46%
3 Fluminense
32%
Nenhum quiz correspondente encontrado
Distribuição das Pontuações
Porcentagem de Pessoas com Cada Pontuação
Percentil de Números Respondidos
Sua Pontuação Histórica
Você não jogou esse quiz